000 00433cam a22001217a 4500
008 180718b1991 xxu||||| |||| 00| 0 eng d
082 _aT448x54 In7
245 _aIndia's foreign indebtedness and its implications for development
_cby Institute of Development Studies, India
260 _aNew Delhi
_bOxford and IBH
_c1991
300 _a100p.
650 _aIndia foreign--Indebtedness
700 _aIndia. Institute of Development Studies
999 _c434809
_d434809